000 00659nam a2200205Ia 4500
003 GCL
008 140319s9999 xx 000 0 ara d
040 _aGCL /
_cGCL
082 0 4 _a812.043
_bا م
100 1 _aصبرى حريس (مراجع)
245 1 0 _aماسار: مسرحية /
_cصبرى حريس (مراجع)
700 1 _aانور جعفر
700 1 _aصبرى حافظ (مترجم)
260 _a[S.N] :
_bالهيئة المصرية العامة للكتاب ،
_c1989
300 _a167 ص
490 _aاشراقات ادبية
_v0
650 0 4 _aالادب العربى
650 0 4 _aالمسرحيات العربية
942 _2ddc
_cBK
999 _c35032
_d35032